| 000 | 00890cab a2200241 4500 | ||
|---|---|---|---|
| 001 | WB3420-48 | ||
| 008 | 090401t1998 xxu||||| |||| 00| 0 eng d | ||
| 035 | _a(Sirsi) u86440 | ||
| 041 | _aeng | ||
| 245 | _aHistoric houses tax threat | ||
| 260 | _c1998 | ||
| 350 | _a0 | ||
| 490 |
_aDaily Telegraph _v23 May 1998, 9(1) |
||
| 520 | _aHistoric houses are in danger of losing a tax concession that sets costs of maintenance against income from agricultural or property rents, if government includes a clause in the Finance Bill. If the One Estate Election, a register dating back to 1963 is abolished costs will rise by 40per cent. | ||
| 650 | _aFINANCE BILL | ||
| 650 | _aHISTORIC HOUSES | ||
| 650 | _aBUILT ENVIRONMENT-BUILDING MAINTENANCE AND REFURBISHMENT | ||
| 650 | _aONE ESTATE ELECTION | ||
| 650 | _aREPAIRS | ||
| 690 | _aTAXATION | ||
| 942 | _n0 | ||
| 948 | _c28/05/1998 | ||
| 999 |
_c54406 _d54406 |
||